| 000 | 00508nam a2200181Ia 4500 | ||
|---|---|---|---|
| 999 |
_c21200 _d21200 |
||
| 003 | OSt | ||
| 005 | 20200204161918.0 | ||
| 008 | 190216s9999||||xx |||||||||||||| ||und|| | ||
| 040 | _coclc | ||
| 082 |
_a301 _bMUK/S |
||
| 100 |
_aMukerjee, Rabindra Nath _91827 |
||
| 245 | 0 |
_aSocial Thought / _cRabindra Nath Mukerjee ; Arunansu Ghoshal |
|
| 250 | _a4th ed. | ||
| 260 |
_bVivek Prakashan, _aDelhi: |
||
| 300 | _a177p | ||
| 650 | _aHistory | ||
| 942 |
_cBK _2ddc _h301 _iMUK/S _k301 _mMUK/S |
||